| 000 | 00413nam a2200157Ia 4500 | ||
|---|---|---|---|
| 008 | 230312s9999||||xx |||||||||||||| ||und|| | ||
| 020 | _a81-8431-284-3 | ||
| 082 |
_a621.38153 _bGOD-E |
||
| 100 | _aGodse,A.P | ||
| 245 | 0 | _aElectronic Circuits | |
| 260 |
_bTechnical Publications Pune _aIndia _c2008 |
||
| 300 | _a13-86 | ||
| 546 | _aEng. | ||
| 650 |
_aEngineering _vDiode Circuits, Parallel Clippers |
||
| 942 | _cBK | ||
| 999 |
_c1687 _d1687 |
||